000 00549nam a2200241Ia 4500
005 20260306150433.0
008 008 260114s9999 xx 000 0 eng d
020 _a9780822396291
037 _aEbook
040 _aCRL
040 _beng
040 _cCRL
041 _2eng
041 _aeng
084 _qCRL
245 0 _aChildren of Ezekiel
260 _bDuke University Press
260 _c1998
650 _aPhilosophy
856 _uhttps://www.degruyter.com/isbn/9780822396291
942 _cEBOOK
999 _c1696670
_d1696670